| 000 -LEADER |
| fixed length control field |
02072nam a22001937a 4500 |
| 082 ## - DEWEY DECIMAL CLASSIFICATION NUMBER |
| Classification number |
Civil 0168 |
| Item number |
2025 c.1 |
| 100 ## - MAIN ENTRY--AUTHOR NAME |
| Personal name |
Dancil, Gilbert John Sabal., author. |
| 245 ## - TITLE STATEMENT |
| Title |
Passenger's satisfaction on the quality of service of Tuguegarao city domestic airport: A mixed -method assessment [manuscript] / Gilbert John S. Dancil, Edlee Jean C. Montemayor, Jed Angelo Allam Namuco, Ellen Mae P. Obligado. |
| 260 ## - PUBLICATION, DISTRIBUTION, ETC. (IMPRINT) |
| Year of publication |
©2025. |
| 300 ## - PHYSICAL DESCRIPTION |
| Number of Pages |
69 pages ; |
| Other physical details |
30 cm. |
| 500 ## - GENERAL NOTE |
| General note |
Thesis (B.S.) -- Cagayan State University, 2025. |
| 520 ## - SUMMARY, ETC. |
| Summary, etc |
This study analyzed the satisfaction of passengers on service quality at Tuguegarao City Domestic Airport using a mixed methods approach. This method combined quantitative information, which included data collected from structured surveys, and qualitative information obtained from observations pertaining to car park monitoring over three specific days. The inquiry analyzed vital components of service such as the check-in processes, cleanliness, the level of agency service, passenger services, and the parking facilities. 150 passengers responded to the survey. The findings showed that passengers were satisfied with the provision of basic amenities at the airport which included check-in services, security checks, janitorial services, and customer relations. This eased the concerns of the stakeholders on the current condition of the airport services. Satisfaction was however neither positive nor negative for non-aeronautical services such as Wi-Fi, food offered, and restroom facilities. With regard to parking, there was positive feedback concerning the signposting and the ease of access. However, the parking data suggested that the car park was underused by motorists as scooters were in the majority. The peak demand for parking occurred between 7:00 and 9:00 which suggested the need for more aggressive management strategies. |
| 650 ## - SUBJECT ADDED ENTRY--TOPICAL TERM |
| Topical Term |
Domestic |
| 650 ## - SUBJECT ADDED ENTRY--TOPICAL TERM |
| Topical Term |
Transportation |
| 700 ## - ADDED ENTRY--PERSONAL NAME |
| Personal name |
Montemayor, Edlee Jean C. |
| 700 ## - ADDED ENTRY--PERSONAL NAME |
| Personal name |
Namuco, Jed Angelo Allam |
| 700 ## - ADDED ENTRY--PERSONAL NAME |
| Personal name |
Obligado, Ellen Mae P. |
| 942 ## - ADDED ENTRY ELEMENTS (KOHA) |
| Koha item type |
Academic Research |